The preaching ministry today. (Record no. 15941)

000 -LEADER
fixed length control field 00479nam a2200157 a 4500
001 - CONTROL NUMBER
control field :::00018408$&:&@@
003 - CONTROL NUMBER IDENTIFIER
control field OkBaRHE
005 - DATE AND TIME OF LATEST TRANSACTION
control field 20001025114142.0
008 - FIXED-LENGTH DATA ELEMENTS--GENERAL INFORMATION
fixed length control field s1946 j 000 0 eng u
040 ## - CATALOGING SOURCE
Transcribing agency
100 1# - MAIN ENTRY--PERSONAL NAME
Personal name Schloerb, Rolland W.
245 14 - TITLE STATEMENT
Title The preaching ministry today.
260 ## - PUBLICATION, DISTRIBUTION, ETC. (IMPRINT)
Place of publication, distribution, etc New York
Name of publisher, distributor, etc Harper & Brothers Publishers
Date of publication, distribution, etc 1946
942 ## - ADDED ENTRY ELEMENTS (KOHA)
Source of classification or shelving scheme
Koha item type Books
Copies
Lost status Not for loan Price effective from Barcode Withdrawn status Koha item type Damaged status Copy number Source of classification or shelving scheme Full call number Permanent Location Date last seen Shelving location Date acquired
  2010-04-1418408 Books 1 BV 4211 .S27RHEMA Bible Training College2010-04-14General Stacks2010-04-14